[Event "2nd Yerevan Open"]
[Site "?"]
[Date "2017.09.26"]
[Round "8.1"]
[White "Petrosian, Tigran L"]
[Black "Grigoryan, Karen H"]
[Result "0-1"]
[WhiteElo "2615"]
[BlackElo "2568"]
[PlyCount "82"]
[EventDate "2017.??.??"]
[TimeControl "5400+2060"]
[WhiteClock "0:30:33"]
[BlackClock "0:47:10"]

1. g3 g6 2. Bg2 Bg7 3. Nf3 c5 4. c4 Nf6 5. Nc3 O-O 6. O-O d5 7. d3 d4 8. Na4
Nfd7 9. a3 Nc6 10. Bd2 Rb8 11. b4 b6 12. Rb1 Qc7 13. e4 cxb4 14. axb4 a5 15.
Qc2 Nxb4 16. Bxb4 axb4 17. Qd2 b5 18. cxb5 Rxb5 19. Rxb4 Rxb4 20. Qxb4 Ba6 21.
Qd2 Rc8 22. Rb1 Qc6 23. Nb2 Qc3 24. Ra1 Ne5 25. Rd1 Qxd2 26. Rxd2 Rc1+ 27. Rd1
Rxd1+ 28. Nxd1 Nxf3+ 29. Bxf3 Bxd3 30. Nb2 Bb5 31. Kg2 e6 32. h4 Kf8 33. h5 Ke7
34. hxg6 hxg6 35. Bg4 Kd6 36. f4 d3 37. Nd1 Kc5 38. f5 gxf5 39. exf5 e5 40. Nc3
Bc4 41. f6 Bf8 0-1

[Event "2nd Yerevan Open"]
[Site "?"]
[Date "2017.09.26"]
[Round "8.2"]
[White "Hovhannisyan, Robert"]
[Black "Mikaelyan, Arman"]
[Result "1-0"]
[WhiteElo "2594"]
[BlackElo "2474"]
[PlyCount "87"]
[EventDate "2017.??.??"]
[TimeControl "6000+905"]
[WhiteClock "0:36:29"]
[BlackClock "0:27:48"]

1. e4 e5 2. Nf3 Nc6 3. Bb5 a6 4. Ba4 Nf6 5. O-O Be7 6. Re1 b5 7. Bb3 d6 8. c3
O-O 9. h3 Na5 10. Bc2 c5 11. d4 Nd7 12. a4 Rb8 13. axb5 axb5 14. d5 c4 15. Be3
Qc7 16. Nbd2 b4 17. cxb4 Rxb4 18. Ra3 Nc5 19. Qa1 Bd8 20. Rc1 Bd7 21. Qa2 Qb6
22. b3 cxb3 23. Bxb3 Naxb3 24. Nxb3 Rxb3 25. Bxc5 Rxa3 26. Bxa3 Qa6 27. Qb3 f6
28. Nd2 Re8 29. Nc4 Be7 30. Qb6 Qxb6 31. Nxb6 Bb5 32. Nc8 Bd3 33. Bxd6 Bd8 34.
Bb4 f5 35. Nd6 Bg5 36. Rc3 Rb8 37. Rxd3 Rxb4 38. Rc3 h5 39. Rc8+ Kh7 40. exf5
Bf6 41. Ne8 Rd4 42. Rc6 Bg5 43. Rc7 Kh6 44. Rxg7 1-0

[Event "2nd Yerevan Open"]
[Site "?"]
[Date "2017.09.26"]
[Round "8.3"]
[White "Tabatabaei, M.Amin"]
[Black "Pashikian, Arman"]
[Result "1-0"]
[WhiteElo "2548"]
[BlackElo "2592"]
[PlyCount "47"]
[EventDate "2017.??.??"]
[TimeControl "6000+1620"]
[WhiteClock "0:27:10"]
[BlackClock "0:04:01"]

1. d4 Nf6 2. c4 e6 3. Nc3 Bb4 4. f3 c5 5. d5 O-O 6. e4 b5 7. Nh3 bxc4 8. Bxc4
exd5 9. Bxd5 Nxd5 10. Qxd5 Ba6 11. Bf4 Qb6 12. Kf2 Nc6 13. Rhd1 Ba5 14. Rab1
Nb4 15. Qh5 Bd3 16. Rbc1 d5 17. a3 Nc6 18. Nxd5 Qxb2+ 19. Kg3 Nd4 20. Ne7+ Kh8
21. Rxc5 Ne2+ 22. Kg4 Bxe4 23. fxe4 Nc3 24. Qxh7+ 1-0

[Event "2nd Yerevan Open"]
[Site "?"]
[Date "2017.09.26"]
[Round "8.4"]
[White "Gabuzyan, Hovhannes"]
[Black "Kislinsky, Alexey"]
[Result "1-0"]
[WhiteElo "2573"]
[BlackElo "2505"]
[PlyCount "69"]
[EventDate "2017.??.??"]
[TimeControl "6000+620"]
[WhiteClock "0:50:29"]
[BlackClock "0:23:18"]

1. Nf3 g6 2. c4 Bg7 3. Nc3 d6 4. d4 c5 5. d5 Nf6 6. e4 O-O 7. h3 e6 8. Bd3 Na6
9. O-O e5 10. a3 Ne8 11. Ne1 f5 12. f4 exf4 13. exf5 Bxf5 14. Bxf4 Nac7 15. Qd2
b5 16. cxb5 Qd7 17. a4 Bxd3 18. Nxd3 Nf6 19. Rad1 Nh5 20. Bh2 Bd4+ 21. Kh1 Nf6
22. b4 Ncxd5 23. Nxd5 Nxd5 24. Qa2 Rxf1+ 25. Rxf1 Qe6 26. Re1 Qf7 27. Bxd6 cxb4
28. Bxb4 Nxb4 29. Qxf7+ Kxf7 30. Nxb4 Bc3 31. Rb1 Bxb4 32. Rxb4 a6 33. b6 a5
34. Rb5 Ke6 35. Rxa5 1-0

[Event "2nd Yerevan Open"]
[Site "?"]
[Date "2017.09.26"]
[Round "8.5"]
[White "Korneev, Oleg"]
[Black "Aitbayev, Aslan"]
[Result "1/2-1/2"]
[WhiteElo "2550"]
[BlackElo "2427"]
[PlyCount "39"]
[EventDate "2017.??.??"]
[TimeControl "6000+2015"]
[WhiteClock "0:25:59"]
[BlackClock "0:26:18"]

1. e4 d6 2. d4 Nf6 3. Nc3 g6 4. Be3 c6 5. Qd2 b5 6. Bd3 Bg7 7. h3 Nbd7 8. Nf3
O-O 9. O-O Bb7 10. e5 Ne8 11. Bh6 c5 12. Bxg7 Nxg7 13. Be4 Bxe4 14. Nxe4 cxd4
15. exd6 e5 16. c3 f5 17. Ng3 Qf6 18. cxd4 e4 19. Ne5 Qxd6 20. Nxd7 1/2-1/2

[Event "2nd Yerevan Open"]
[Site "?"]
[Date "2017.09.26"]
[Round "8.6"]
[White "Melkumyan, Hrant"]
[Black "Petrosyan, Manuel"]
[Result "1/2-1/2"]
[WhiteElo "2642"]
[BlackElo "2559"]
[PlyCount "83"]
[EventDate "2017.??.??"]
[TimeControl "6000+1040"]
[WhiteClock "0:14:15"]
[BlackClock "0:31:22"]

1. d4 Nf6 2. c4 e6 3. g3 d5 4. Bg2 Bb4+ 5. Nd2 O-O 6. Ngf3 dxc4 7. a3 Bxd2+ 8.
Bxd2 Nc6 9. e3 Ne4 10. Qc2 Nxd2 11. Nxd2 e5 12. d5 Na5 13. Nxc4 Nxc4 14. Qxc4
Bf5 15. O-O Qd6 16. Rfc1 Rfc8 17. Rc3 Bd7 18. Rac1 c6 19. dxc6 Bxc6 20. Qb5
Rab8 21. Bxc6 bxc6 22. Rxc6 Rxc6 23. Qxc6 Qxc6 24. Rxc6 a5 25. Kf1 h5 26. Rc2
Kh7 27. Ke2 Kg6 28. Kd3 f6 29. f4 exf4 30. gxf4 Rb3+ 31. Ke4 f5+ 32. Kd4 h4 33.
h3 a4 34. Rc6+ Kh7 35. Rc2 g6 36. Re2 Kg7 37. Rh2 Kf6 38. Rg2 Kf7 39. Rh2 Kf6
40. Rc2 Kg7 41. Rc7+ Kh6 42. Rc2 1/2-1/2

[Event "2nd Yerevan Open"]
[Site "?"]
[Date "2017.09.26"]
[Round "8.7"]
[White "Rozum, Ivan"]
[Black "Harutyunian, Tigran K"]
[Result "1-0"]
[WhiteElo "2590"]
[BlackElo "2520"]
[PlyCount "77"]
[EventDate "2017.??.??"]
[TimeControl "6000+1465"]
[WhiteClock "0:25:49"]
[BlackClock "0:00:52"]

1. Nf3 d5 2. g3 Nf6 3. Bg2 e6 4. O-O Be7 5. d3 O-O 6. c4 c5 7. cxd5 exd5 8. d4
Nc6 9. Nc3 Re8 10. Bg5 h6 11. Bxf6 Bxf6 12. dxc5 Bxc3 13. bxc3 Qa5 14. Qxd5 Be6
15. Qd3 Qxc5 16. Rfe1 Red8 17. Qc2 Rac8 18. Qb2 b6 19. Red1 Rxd1+ 20. Rxd1 Ne5
21. Nd4 Bd7 22. Nb3 Qc7 23. Bd5 Bh3 24. Rc1 Rd8 25. Bh1 Nc4 26. Qc2 Na3 27. Qb2
Nc4 28. Qa1 Bg4 29. Nd4 Re8 30. Qb1 a6 31. Qb4 Bxe2 32. Re1 Qd8 33. Bc6 Re5 34.
f4 a5 35. Qb3 a4 36. Qxa4 b5 37. Qa8 Qxa8 38. Bxa8 Re8 39. Bc6 1-0

[Event "2nd Yerevan Open"]
[Site "?"]
[Date "2017.09.26"]
[Round "8.8"]
[White "Torosyan, Norayr"]
[Black "Aleksandrov, Aleksej"]
[Result "0-1"]
[WhiteElo "2404"]
[BlackElo "2580"]
[PlyCount "106"]
[EventDate "2017.??.??"]
[TimeControl "6000+1150"]
[WhiteClock "0:02:26"]
[BlackClock "0:17:12"]

1. e4 e5 2. Nf3 Nc6 3. Bb5 a6 4. Ba4 Nf6 5. O-O Be7 6. d3 b5 7. Bb3 d6 8. a3
Na5 9. Ba2 c5 10. Nh4 Nc6 11. f4 O-O 12. fxe5 dxe5 13. Nf5 Bxf5 14. exf5 c4 15.
Be3 e4 16. dxe4 Qxd1 17. Rxd1 Nxe4 18. Nd2 Nf6 19. Nf3 Rfe8 20. Bf2 Ne4 21. Rd5
Bf6 22. c3 Ne7 23. Rd7 Nxf5 24. Re1 Nxf2 25. Kxf2 Rxe1 26. Nxe1 Re8 27. Bb1 Ne3
28. Nf3 h5 29. Kg3 g5 30. h3 g4 31. hxg4 hxg4 32. Nd4 Be5+ 33. Kh4 g3 34. Nf5
Bf4 35. Nxg3 Nxg2+ 36. Kg4 Bxg3 37. Kxg3 Re2 38. Ra7 Ne1 39. Rxa6 Rxb2 40. Be4
Rb3 41. Kf4 Rxc3 42. Rb6 Rxa3 43. Rxb5 Nd3+ 44. Kf5 Kg7 45. Bd5 c3 46. Rb7 Ra5
47. Rxf7+ Kh6 48. Rf6+ Kh5 49. Ke4 c2 50. Bf7+ Kh4 51. Rh6+ Kg3 52. Rg6+ Kf2
53. Rf6+ Ke1 0-1

[Event "2nd Yerevan Open"]
[Site "?"]
[Date "2017.09.26"]
[Round "8.9"]
[White "Ter-Sahakyan, Samvel"]
[Black "Davtyan, Artur"]
[Result "1-0"]
[WhiteElo "2577"]
[BlackElo "2303"]
[PlyCount "71"]
[EventDate "2017.??.??"]
[TimeControl "5400+1865"]
[WhiteClock "0:04:29"]
[BlackClock "0:03:23"]

1. e4 e5 2. Nf3 Nc6 3. Bb5 Nf6 4. Nc3 Bb4 5. O-O O-O 6. d3 d6 7. Ne2 Ba5 8. Ng3
Ne7 9. c3 c6 10. Ba4 Ng6 11. d4 Re8 12. Bc2 d5 13. Bg5 exd4 14. cxd4 dxe4 15.
Nxe4 Bf5 16. Nc5 Bc8 17. Qd3 Qd6 18. Bxf6 Qxf6 19. Ne5 Bb6 20. f4 Rd8 21. b4
Be6 22. Qe3 Bf5 23. Bb3 Re8 24. Rae1 Rad8 25. Bxf7+ Qxf7 26. Nxf7 Rxe3 27. Nxd8
Rxe1 28. Rxe1 Kf8 29. Ndxb7 Bc7 30. Ne6+ Bxe6 31. Rxe6 Nxf4 32. Rxc6 Bb6 33.
Nc5 Ne2+ 34. Kf1 Nxd4 35. Ne6+ Nxe6 36. Rxe6 1-0

[Event "2nd Yerevan Open"]
[Site "?"]
[Date "2017.09.26"]
[Round "8.10"]
[White "Sandipan, Chanda"]
[Black "Hakobyan, Romik"]
[Result "1/2-1/2"]
[WhiteElo "2570"]
[BlackElo "1927"]
[PlyCount "77"]
[EventDate "2017.??.??"]
[TimeControl "6000+1300"]
[WhiteClock "0:01:41"]
[BlackClock "0:03:08"]

1. d4 d5 2. Nf3 Nf6 3. Bf4 c5 4. e3 e6 5. c3 Nc6 6. Nbd2 Bd6 7. Bg3 Qe7 8. Ne5
Nd7 9. f4 O-O 10. Bd3 f5 11. h4 Nf6 12. h5 Ne4 13. Bh4 Qe8 14. g4 c4 15. Nxe4
fxe4 16. Be2 Nxe5 17. dxe5 Bc5 18. Qd2 b5 19. b4 Bb6 20. h6 g6 21. a4 a5 22.
axb5 Qxb5 23. O-O Bd7 24. Rfb1 axb4 25. Rxa8 Rxa8 26. Rxb4 Qc5 27. Bf2 Ra4 28.
Rb1 Ra5 29. Bf1 Rb5 30. Ra1 Bc6 31. Bh3 Qf8 32. g5 Qe7 33. Qd1 Kf7 34. Rb1 Rxb1
35. Qxb1 Qc5 36. Qd1 Bd7 37. Qa1 Qc6 38. Qb2 Bc5 39. Bg4 1/2-1/2

[Event "2nd Yerevan Open"]
[Site "?"]
[Date "2017.09.26"]
[Round "8.11"]
[White "Gabrielian, Artur"]
[Black "Martirosyan, Haik M"]
[Result "1/2-1/2"]
[WhiteElo "2501"]
[BlackElo "2570"]
[PlyCount "47"]
[EventDate "2017.??.??"]
[TimeControl "6000+815"]
[WhiteClock "0:33:20"]
[BlackClock "0:39:11"]

1. e4 e5 2. Nf3 Nc6 3. Bc4 Bc5 4. d3 Nf6 5. c3 O-O 6. Bg5 h6 7. Bh4 Be7 8. Nbd2
Nh5 9. Bg3 Nxg3 10. hxg3 d6 11. Qe2 Bf6 12. a3 Ne7 13. Nf1 c6 14. Ne3 d5 15.
Ba2 Be6 16. Nh2 Bg5 17. Nf3 Bxe3 18. Qxe3 Ng6 19. O-O Re8 20. Rfe1 dxe4 21.
dxe4 Bxa2 22. Rxa2 Qb6 23. Qxb6 axb6 24. Raa1 1/2-1/2

[Event "2nd Yerevan Open"]
[Site "?"]
[Date "2017.09.26"]
[Round "8.12"]
[White "Moskalenko, Alexander"]
[Black "Hayrapetyan, Artavazd R"]
[Result "1/2-1/2"]
[WhiteElo "2531"]
[BlackElo "2346"]
[PlyCount "164"]
[EventDate "2017.??.??"]
[TimeControl "6000+1825"]
[WhiteClock "0:16:34"]
[BlackClock "0:18:00"]

1. c4 c6 2. Nf3 d5 3. g3 Nf6 4. Bg2 e6 5. O-O Be7 6. d4 O-O 7. Nc3 Nbd7 8. Nd2
b6 9. e4 Bb7 10. e5 Ne8 11. cxd5 cxd5 12. h4 b5 13. Nf3 b4 14. Ne2 h6 15. Nf4
Rc8 16. Be3 Nc7 17. Nh2 Re8 18. Nh5 Bf8 19. Ng4 Ba6 20. Re1 Kh8 21. Qd2 Qe7 22.
Bf1 Bxf1 23. Rxf1 Red8 24. Kg2 Ne8 25. Bg5 hxg5 26. hxg5 Kg8 27. Ngf6+ Ndxf6
28. gxf6 Nxf6 29. exf6 gxf6 30. Qf4 f5 31. Qe5 f6 32. Nxf6+ Kf7 33. Nh5 Qg5 34.
Nf4 Qf6 35. Qe2 Bd6 36. Qh5+ Kg7 37. Qf3 Kf7 38. Rh1 Rh8 39. Rae1 Rxh1 40. Rxh1
Rh8 41. Rxh8 Qxh8 42. Qe3 Qf6 43. Nd3 a5 44. b3 Qh8 45. Ne1 Be7 46. Nf3 Bf6 47.
Qc1 Qd8 48. Qc5 Ke8 49. Kf1 Kd7 50. Qb5+ Kd6 51. Qc5+ Kd7 52. Ke2 Qc7 53. Qxc7+
Kxc7 54. Ke3 Kd6 55. Ne1 Bg5+ 56. Ke2 Bd8 57. Kd3 Ke7 58. Ke3 Kf6 59. Nd3 Bc7
60. Nc5 Ke7 61. Nd3 Kf6 62. Nf4 Bb6 63. Kd3 Bc7 64. Ne2 Kg5 65. f3 Bb8 66. Kd2
Bc7 67. Ke1 Bd6 68. Kf2 Bc7 69. Kg2 Bb8 70. Kh3 Bc7 71. Kg2 Bb8 72. Kf2 Ba7 73.
Kg2 Bb8 74. f4+ Kg4 75. Kf2 Ba7 76. Kg2 Bb6 77. Kf2 Bc7 78. Kg2 Bd6 79. Kf2 Bb8
80. Kg2 Ba7 81. Kf2 Bb8 82. Kg2 Bd6 1/2-1/2

[Event "2nd Yerevan Open"]
[Site "?"]
[Date "2017.09.26"]
[Round "8.13"]
[White "Nadanian , Ashot"]
[Black "Onischuk , Vladimir"]
[Result "0-1"]
[WhiteElo "2344"]
[BlackElo "2638"]
[PlyCount "76"]

1. d4 d6 2. e4 Nf6 3. Nc3 g6 4. f4 Bg7 5. Nf3 O-O 6. Bd3 Na6 7. O-O c5 8. d5
Bg4 9. Bc4 Nc7 10. h3 Bxf3 11. Qxf3 a6 12. a4 b6 13. Qd3 Qc8 14. Bd2 Qb7 15.
Rae1 Rad8 16. g4 Nd7 17. g5 Rb8 18. h4 b5 19. Ba2 c4 20. Qh3 f5 21. h5 Rbe8 22.
Rf2 Rf7 23. Rh2 Nf8 24. hxg6 hxg6 25. Qg2 fxe4 26. Qxe4 Rf5 27. axb5 axb5 28.
Kf1 e6 29. Qh1 exd5 30. Rxe8 Nxe8 31. Re2 Kf7 32. Qf3 Nc7 33. Nd1 Nce6 34. Qa3
Nxg5 35. Qxd6 Nfe6 36. Rxe6 Nxe6 37. Ne3 Rxf4+ 38. Ke1 d4 0-1

[Event "2nd Yerevan Open"]
[Site "?"]
[Date "2017.09.26"]
[Round "8.14"]
[White "Vardanian , Haik G."]
[Black "Andriasian , Zaven"]
[Result "0-1"]
[WhiteElo "2355"]
[BlackElo "2593"]
[PlyCount "116"]

1. e4 d6 2. d4 g6 3. Nc3 Bg7 4. f4 a6 5. Nf3 b5 6. Bd3 Bb7 7. e5 e6 8. Ne4 Ne7
9. O-O Bxe4 10. Bxe4 Nbc6 11. Be3 Qd7 12. a4 b4 13. Qe2 O-O 14. a5 Nd5 15. Bd2
Nce7 16. c4 bxc3 17. bxc3 c6 18. Rfb1 Nc7 19. exd6 Qxd6 20. Ne5 Nb5 21. Qf2
Rad8 22. Rd1 Qc7 23. Be1 c5 24. dxc5 Bxe5 25. fxe5 Qxe5 26. Bb7 Nxc3 27. Rdc1
Ne2+ 28. Kh1 Nxc1 29. Rxc1 Rd4 30. c6 Rf4 31. Qg1 Qb5 32. Bg3 Rc4 33. Rxc4 Qxc4
34. c7 Nd5 35. Bxd5 Qxd5 36. h3 e5 37. Qa7 Qe6 38. Bf2 Re8 39. Be3 e4 40. Bg5
f6 41. Bh6 Rc8 42. Be3 Qc6 43. Bf4 Kf7 44. Qb6 Qe6 45. h4 Re8 46. Qb7 Qc8 47.
Qd5+ Kg7 48. Qc5 h6 49. Kg1 g5 50. Be3 Kf7 51. h5 Qe6 52. Qa7 Rc8 53. Bb6 Qc6
54. Qb8 Qc1+ 55. Kh2 Qf4+ 56. g3 Rxb8 57. gxf4 Rc8 58. Kg3 f5 0-1

[Event "2nd Yerevan Open"]
[Site "?"]
[Date "2017.09.26"]
[Round "8.15"]
[White "Pogosyan , Stefan"]
[Black "Minasian , Artashes"]
[Result "1/2-1/2"]
[WhiteElo "2349"]
[BlackElo "2492"]
[PlyCount "86"]

1. d4 b6 2. c4 Bb7 3. Nc3 e6 4. a3 f5 5. d5 Nf6 6. g3 Bd6 7. Nf3 Na6 8. Bg2 Nc5
9. Qc2 O-O 10. O-O exd5 11. Nd4 dxc4 12. Bxb7 Nxb7 13. Nxf5 Be5 14. Bg5 c6 15.
Nd1 d5 16. e4 b5 17. f4 Qb6+ 18. Qf2 Nxe4 19. Qxb6 axb6 20. Ne7+ Kh8 21. fxe5
Nxg5 22. Nxc6 Rxf1+ 23. Kxf1 Na5 24. Nd4 Re8 25. Nc3 Rxe5 26. Ndxb5 Nf3 27. Rd1
Nxh2+ 28. Kg1 Ng4 29. Nxd5 h5 30. Nbc3 Kh7 31. Nxb6 Re3 32. Rd5 Rxg3+ 33. Kh1
Rh3+ 34. Kg2 Rxc3 35. Rxh5+ Kg6 36. Rxa5 Ne3+ 37. Kf3 Rb3 38. Na4 Nd1+ 39. Ke4
Nxb2 40. Nxb2 Rxb2 41. Kd4 Kh6 42. Kxc4 g5 43. Ra8 Rb7 1/2-1/2

[Event "2nd Yerevan Open"]
[Site "?"]
[Date "2017.09.26"]
[Round "8.16"]
[White "Danielyan , Vahe"]
[Black "Hayrapetyan , Hovik"]
[Result "0-1"]
[WhiteElo "2331"]
[BlackElo "2472"]
[PlyCount "60"]

1. e4 c5 2. Nf3 e6 3. d4 cxd4 4. Nxd4 a6 5. Nc3 Qc7 6. Bd3 Nc6 7. Be3 Nf6 8.
O-O b5 9. Qf3 Bb7 10. Qh3 b4 11. Nce2 Nxd4 12. Bxd4 Nxe4 13. c3 bxc3 14. Nxc3
Nf6 15. Rfe1 Qf4 16. Bxf6 Qxf6 17. Be4 Bxe4 18. Nxe4 Qxb2 19. Rab1 Qa3 20. Re3
Qxa2 21. Nc3 Qc2 22. Re2 Qg6 23. Ne4 Be7 24. Rb3 Rc8 25. f4 f5 26. Nc3 O-O 27.
Qd3 Rfd8 28. g3 Qf6 29. Na4 Qa1+ 30. Kg2 Qxa4 0-1

[Event "2nd Yerevan Open"]
[Site "?"]
[Date "2017.09.26"]
[Round "8.17"]
[White "Manukyan , Sargis V."]
[Black "Babujian , Levon"]
[Result "0-1"]
[WhiteElo "2287"]
[BlackElo "2458"]
[PlyCount "54"]

1. d4 Nf6 2. c4 e6 3. Nc3 d5 4. cxd5 exd5 5. Bg5 c6 6. e3 Be7 7. Bd3 O-O 8. Qc2
h6 9. Bf4 a5 10. h3 Na6 11. a3 c5 12. dxc5 Nxc5 13. Nf3 Nxd3+ 14. Qxd3 b6 15.
O-O Ba6 16. Nb5 Ne4 17. Nfd4 Bf6 18. Rfd1 Bxd4 19. exd4 Qf6 20. Bg3 a4 21. Rac1
Qf5 22. b3 Nxg3 23. Qxf5 Nxf5 24. Nc7 axb3 25. Nxa8 Rxa8 26. Rc6 Be2 27. Rd2
Bc4 0-1

[Event "2nd Yerevan Open"]
[Site "?"]
[Date "2017.09.26"]
[Round "8.18"]
[White "Poghosyan , Suren"]
[Black "Baghdasaryan , Vahe"]
[Result "1/2-1/2"]
[WhiteElo "2256"]
[BlackElo "2440"]
[PlyCount "121"]

1. d4 d5 2. c4 c6 3. Nf3 Nf6 4. Nc3 e6 5. cxd5 exd5 6. Qc2 g6 7. Bg5 Bf5 8. Qb3
b6 9. Ne5 Be7 10. Bh6 Bf8 11. Bxf8 Kxf8 12. g3 Nfd7 13. Nf3 Kg7 14. Bg2 Qe7 15.
O-O a5 16. Rac1 Qb4 17. Nh4 Be6 18. Qc2 Qxd4 19. e4 dxe4 20. Nxe4 Bd5 21. Rfd1
Qe5 22. Re1 Re8 23. Qd2 Na6 24. Nc5 Qxe1+ 25. Rxe1 Rxe1+ 26. Qxe1 Naxc5 27.
Qc3+ Nf6 28. g4 h6 29. f4 Ne6 30. Bxd5 cxd5 31. f5 Nf4 32. Qc6 Re8 33. fxg6
Re1+ 34. Kf2 Nd3+ 35. Kg2 Re2+ 36. Kg1 Re1+ 37. Kg2 Re6 38. Qc7 Ne5 39. gxf7
Nxf7 40. Nf5+ Kg6 41. h3 Re2+ 42. Kf3 Re6 43. Qb7 Ne5+ 44. Kf4 Ned7 45. Ng3 Nc5
46. Qc8 d4 47. Nf5 Re8 48. Qc6 d3 49. Qd6 Ne6+ 50. Kf3 Ng5+ 51. Kg2 Re2+ 52.
Kf1 Rf2+ 53. Kxf2 Nge4+ 54. Ke3 Nxd6 55. Nxd6 Nd5+ 56. Kxd3 Nf4+ 57. Kc4 Nxh3
58. Nf5 Nf2 59. Nxh6 Kxh6 60. Kb5 Nd3 61. Kxb6 1/2-1/2

[Event "2nd Yerevan Open"]
[Site "?"]
[Date "2017.09.26"]
[Round "8.19"]
[White "Sargsyan , Shant"]
[Black "Tahbaz , Arash"]
[Result "0-1"]
[WhiteElo "2436"]
[BlackElo "2381"]
[PlyCount "78"]

1. d4 d5 2. c4 c6 3. Nf3 Nf6 4. e3 Bf5 5. Nc3 e6 6. Nh4 Bg6 7. Nxg6 hxg6 8. Rb1
Nbd7 9. c5 e5 10. g3 Be7 11. Bg2 exd4 12. exd4 Nf8 13. O-O Ne6 14. b4 Ng8 15.
b5 Kf8 16. bxc6 bxc6 17. Qa4 Qc7 18. Be3 Bf6 19. Nxd5 cxd5 20. Bxd5 Rd8 21. Rb7
Qc8 22. Qxa7 Ne7 23. Bg2 Nc6 24. Rxf7+ Kg8 25. Qb7 Nexd4 26. Bxd4 Nxd4 27. c6
Rh5 28. c7 Re8 29. Rxf6 gxf6 30. Rd1 Ne6 31. Qc6 Rc5 32. Qf3 Kg7 33. h4 Qxc7
34. Bh3 Rc1 35. Rxc1 Qxc1+ 36. Kg2 Qc5 37. h5 Nd4 38. h6+ Kxh6 39. Qxf6 Qd5+
0-1

[Event "2nd Yerevan Open"]
[Site "?"]
[Date "2017.09.26"]
[Round "8.20"]
[White "Yegiazarian , Arsen"]
[Black "Mirzoyan , David"]
[Result "1/2-1/2"]
[WhiteElo "2421"]
[BlackElo "2341"]
[PlyCount "66"]

1. Nf3 d5 2. c4 e6 3. d4 Nf6 4. Nc3 c5 5. cxd5 Nxd5 6. e4 Nxc3 7. bxc3 cxd4 8.
cxd4 Bb4+ 9. Bd2 Bxd2+ 10. Qxd2 O-O 11. Rc1 b6 12. Bd3 Bb7 13. O-O Nd7 14. h4
Rc8 15. Qf4 Qe7 16. Rfe1 Rfd8 17. e5 Rxc1 18. Rxc1 Bxf3 19. Qxf3 Qxh4 20. Rc4
b5 21. g3 bxc4 22. gxh4 cxd3 23. Qxd3 Nxe5 24. Qc3 Ng6 25. Qc7 Rxd4 26. h5 Ra4
27. hxg6 hxg6 28. Qc2 Ra5 29. Qc8+ Kh7 30. Qc7 Rxa2 31. Qxf7 Ra5 32. Qxe6 Rg5+
33. Kf1 a5 1/2-1/2

[Event "2nd Yerevan Open"]
[Site "?"]
[Date "2017.09.26"]
[Round "8.21"]
[White "Nugumanov , Bakhtiyar"]
[Black "Li , Bo"]
[Result "0-1"]
[WhiteElo "2401"]
[BlackElo "2330"]
[PlyCount "104"]

1. e4 c5 2. Nf3 e6 3. d4 cxd4 4. Nxd4 a6 5. Bd3 Nc6 6. Nxc6 bxc6 7. O-O d5 8.
c4 Nf6 9. cxd5 cxd5 10. exd5 Nxd5 11. Be4 Bd6 12. Nc3 Nxc3 13. Bc6+ Bd7 14.
Qxd6 Nb5 15. Bxd7+ Qxd7 16. Qxd7+ Kxd7 17. Rd1+ Ke7 18. Be3 Rhc8 19. a4 Nc7 20.
Bc5+ Ke8 21. Rac1 Nd5 22. Kf1 Rab8 23. Ba3 Kd7 24. Ke2 Rb3 25. Kd2 Rbb8 26. Rc2
Rxc2+ 27. Kxc2 Rc8+ 28. Kd3 e5 29. g3 f5 30. Rd2 e4+ 31. Ke2 Ke6 32. Kd1 g5 33.
Rc2 Rxc2 34. Kxc2 f4 35. g4 e3 36. f3 Nb6 37. b3 Nd7 38. Kd1 Ne5 39. Ke2 Kd5
40. Be7 Nc6 41. Bxg5 Nd4+ 42. Kf1 e2+ 43. Kf2 Nxf3 44. Kxe2 Nxg5 45. b4 Ne6 46.
Kd3 a5 47. bxa5 Nc5+ 48. Kd2 Ke4 49. h4 f3 50. a6 Nxa6 51. g5 Nc5 52. h5 Nb3+
0-1

[Event "2nd Yerevan Open"]
[Site "?"]
[Date "2017.09.26"]
[Round "8.22"]
[White "Hakobyan , Aram"]
[Black "Muradyan , Robert"]
[Result "1-0"]
[WhiteElo "2472"]
[BlackElo "1846"]
[PlyCount "149"]

1. d4 d5 2. c4 e6 3. Nc3 Be7 4. Nf3 Nf6 5. Bg5 O-O 6. e3 h6 7. Bxf6 Bxf6 8. Rc1
c6 9. Bd3 b6 10. h4 g6 11. e4 dxc4 12. Bxc4 Ba6 13. Bxa6 Nxa6 14. Qa4 Nb8 15.
e5 Bg7 16. O-O Qd7 17. Rfd1 a5 18. Ne4 c5 19. Qc2 cxd4 20. Rxd4 Qe7 21. Rd6 Na6
22. Rxb6 Nb4 23. Qc4 Nd5 24. Rb5 Qd7 25. Nc5 Qe8 26. a4 Nc7 27. Rb7 Rc8 28. Nb3
Nd5 29. Qxc8 Qxc8 30. Rxc8 Rxc8 31. Nxa5 Ra8 32. Nc6 Rxa4 33. b4 Bf8 34. b5 Bc5
35. Nd8 Rf4 36. Rb8 Kg7 37. Nb7 Bb6 38. Nd6 g5 39. Ne8+ Kg6 40. hxg5 hxg5 41.
Nf6 Nxf6 42. Rxb6 Nd5 43. Rb8 g4 44. Nh4+ Kg7 45. b6 Rb4 46. b7 Nf4 47. Kh2 Nh5
48. g3 f6 49. Nf5+ exf5 50. e6 Kh7 51. Rd8 Ng7 52. b8=Q Rxb8 53. Rxb8 Nxe6 54.
Rb6 Nd4 55. Rxf6 Kg7 56. Rd6 Nf3+ 57. Kg2 Ng5 58. Ra6 Kf7 59. Kf1 Ne6 60. Ke2
Kf6 61. Ke3 Ke5 62. Ra5+ Kf6 63. Rb5 Kg5 64. Kd3 Nc7 65. Rb6 Nd5 66. Re6 Nc7
67. Rc6 Nd5 68. Kd4 Ne7 69. Rc7 Ng6 70. Rf7 Nh8 71. Ra7 Ng6 72. Kd5 Kf6 73.
Ra6+ Kg5 74. Ke6 Nf8+ 75. Kf7 1-0

[Event "2nd Yerevan Open"]
[Site "?"]
[Date "2017.09.26"]
[Round "8.23"]
[White "Omidi , Arya"]
[Black "Mkrtchyan , Sargis R."]
[Result "1-0"]
[WhiteElo "2402"]
[BlackElo "2115"]
[PlyCount "113"]

1. d4 Nf6 2. c4 g6 3. Nc3 Bg7 4. e4 d6 5. Be2 O-O 6. Be3 e5 7. d5 c6 8. g4 cxd5
9. cxd5 Nbd7 10. h4 Nc5 11. f3 h5 12. b4 Ncd7 13. Nh3 a5 14. a3 Nb6 15. Nf2 Bd7
16. g5 Nh7 17. bxa5 Nc8 18. Qb3 f6 19. Rg1 fxg5 20. hxg5 Qxa5 21. Kd2 Rf7 22.
Nd3 Be8 23. Qb4 Qd8 24. Rg2 Nf8 25. Rgg1 Nd7 26. Rgb1 Nb8 27. a4 Na6 28. Qb2
Bf8 29. f4 Bg7 30. f5 gxf5 31. Bxh5 Rc7 32. Bxe8 f4 33. Bb6 Nxb6 34. Qxb6 Qxe8
35. Nb5 Rd7 36. Nxd6 Qh5 37. Nc4 Qh2+ 38. Qf2 Qh7 39. Qf3 Rad8 40. Rf1 Qg6 41.
Rac1 Re7 42. Ke2 Nb8 43. Nd2 Qa6 44. Rc4 Nd7 45. Qh5 Nf8 46. Rfc1 Qb6 47. Qh3
Bh8 48. Qf3 Rh7 49. Qf2 Qd6 50. Nf3 Ne6 51. Rc8 Nd4+ 52. Nxd4 exd4 53. Rxd8+
Qxd8 54. Qxf4 Rh3 55. Qf5 Re3+ 56. Kf2 Kg7 57. Nf4 1-0

[Event "2nd Yerevan Open"]
[Site "?"]
[Date "2017.09.26"]
[Round "8.24"]
[White "Yeritsyan, Hayk"]
[Black "Mkrtchian , Lilit"]
[Result "0-1"]
[WhiteElo "2078"]
[BlackElo "2401"]
[PlyCount "88"]

1. d4 Nf6 2. c4 e6 3. g3 c5 4. d5 exd5 5. cxd5 d6 6. Nc3 g6 7. Bg2 Bg7 8. Nf3
O-O 9. O-O Nbd7 10. a4 Qe7 11. Nd2 Nh5 12. f4 f5 13. Nb5 Ndf6 14. Nc4 Rd8 15.
Ra3 a6 16. Nc3 Rb8 17. a5 Bd7 18. Rb3 Be8 19. Re1 Ne4 20. Nxe4 fxe4 21. Rb6 Nf6
22. Qb3 Bf7 23. Ne3 Qc7 24. Qc4 Nd7 25. Rb3 Qxa5 26. Rd1 Re8 27. Bxe4 b5 28.
Qc2 Qa4 29. Bg2 c4 30. Ra3 Qxc2 31. Nxc2 Rxe2 32. Nb4 Bxb2 33. Rxa6 Bxc1 34.
Rxc1 Rb6 35. Ra8+ Kg7 36. Rd8 Nc5 37. Bf3 Rb2 38. Nc6 Rb7 39. Ra8 Nb3 40. Re1
c3 41. Nd8 c2 42. Rc8 Rb1 43. Rf1 Rxf1+ 44. Kxf1 Nc5 0-1

[Event "2nd Yerevan Open"]
[Site "?"]
[Date "2017.09.26"]
[Round "8.25"]
[White "Yeremyan , Alen"]
[Black "Bagaturov , Giorgi"]
[Result "1/2-1/2"]
[WhiteElo "2060"]
[BlackElo "2400"]
[PlyCount "118"]

1. e4 c5 2. Nf3 e6 3. Nc3 Nc6 4. Bb5 Nd4 5. O-O Nxb5 6. Nxb5 a6 7. Nc3 d6 8. d4
b6 9. a4 Bb7 10. d5 e5 11. Nd2 Ne7 12. Nc4 Ng6 13. Be3 Be7 14. Rb1 O-O 15. b4
Bc8 16. Qd2 f5 17. f3 fxe4 18. bxc5 bxc5 19. Nxe4 Bf5 20. Qa5 Qxa5 21. Nxa5 Bd7
22. Nc3 Rab8 23. Nc6 Bxc6 24. dxc6 Rbc8 25. Rb6 Bd8 26. Rxa6 Ne7 27. Nb5 Nf5
28. Bf2 Be7 29. Rd1 Nd4 30. Bxd4 cxd4 31. c3 dxc3 32. Nxc3 Kf7 33. Nd5 Ke6 34.
Ra7 Bh4 35. g3 Bg5 36. Rxg7 Bf6 37. Nc7+ Kf5 38. g4+ Kf4 39. Ne6+ Kxf3 40. Rf1+
Ke4 41. Nxf8 Bxg7 42. Ne6 Bh6 43. g5 Kd5 44. Rf6 Bxg5 45. Nxg5 Rxc6 46. Nxh7
Rc4 47. a5 Ra4 48. Ng5 Kd4 49. h4 e4 50. Nf7 Ra1+ 51. Rf1 Rxa5 52. Kg2 e3 53.
Rd1+ Kc3 54. Nxd6 Ra4 55. Rh1 e2 56. h5 Kd2 57. h6 e1=Q 58. Rxe1 Kxe1 59. Kg3
Ra7 1/2-1/2